<Die> Rolle der Printmedien im Sprachunterricht

Tlačené médiá a vyučovanie cudzieho jazyka. Charakteristika tlače. Didaktika práce s tlačenými médiami.

Salvato in:
Dettagli Bibliografici
Autore principale: Prociková, Júlia
Natura: Capitolo di libro
Lingua:tedesco
Soggetti:
Tags: Aggiungi Tag
Nessun Tag, puoi essere il primo ad aggiungerne!!

MARC

LEADER 00000nla$a2200000$$$4500
001 0104716
005 20240502083248.8
041 0 |a ger 
044 |a CZ 
245 1 0 |a <Die> Rolle der Printmedien im Sprachunterricht  |c Júlia Prociková 
520 |a Tlačené médiá a vyučovanie cudzieho jazyka. Charakteristika tlače. Didaktika práce s tlačenými médiami. 
610 2 0 |a jazyky cudzie 
610 2 0 |a nemčina 
610 2 0 |a vyučovanie 
610 2 0 |a didaktika 
610 2 0 |a tlač 
100 1 |a Prociková, Júlia